000
00294nam a22001337a 4500
008
181008b xxu||||| |||| 00| 0 eng d
020
_a
murrmed0301
041
_a
eng
080
_2
4th
_a
579
100
_a
11
101
_a
MIK
245
_a
Medical Microbiology
_c
Murray,P.R
942
_2
udc
_c
BK
999
_c
49028
_d
49028